01346cam a22003497i 4500001000600000003000900006005001700015007000300032008003600035010001500071020000600086035000600092040003000098042000600128082002200134100004500156245007000201264003700271300002900308336002600337337002800363338002700391490000900418505029700427590002600724650002600750650002700776910004100803942001200844952012300856999001700979 4917DO-SdBPM20250909125834.0ta130115s 20uu gt 000 0 spa  a2013369710 a  a  aDO-SdBPMbspacBPMSUerda a  4aRD86.5bJ61b 2221 aJiménez Collie, Desirée e autorad 10aBiografía del silencio :bpoemas /c Desirée Jiménez Collie aGuatemala : bKarmar, c[200-?] a53 páginas ;c 21 cm. atextbtxt2rdacontent aunmediatedbn2rdamedia avolumebnc2rdacarrier0 a v 0 aMi ventana 1 -- Volver 4 -- Herida mortal 8 -- El brillo de otra boca 12 -- Días de frio 14 -- Anoche 18 -- Corazón descalzo 20 -- Días de primavera 27 -- Entre cigarrillos y humo 31 -- Tumba para el amor 36 -- En pos de mas 39 -- Entre nosotras 43 -- De algodones 49 -- Desilusión 51 aInventariado, 2025/VM 7a Poesía dominicana  7aLiteratura dominicana  aVMateo V. Control de calidad. BPMSU  2ddccBK 00102ddc708CDaBPMETbBPMETd2016-05-17eFUNDIl0oBPMSU CD RD86.5 J61b pBPMSU16050362r2016-05-17w2016-05-17yBK c10151d10151